Music Quiz

Random Music or Clickable Quiz

Lyrics to J'ai été-z-au Bal Quiz Stats

 Plays Quiz not verified by Sporcle

Also try: Ed Sheeran Songs
Challenge
Share
Tweet
Embed
Score 0/24 Timer 03:00
0 Plays Today
% Correct
???
76.6%
???
72.3%
???
70.2%
???
68.1%
???
63.8%
???
63.8%
???
61.7%
???
61.7%
???
57.4%
???
57.4%
???
57.4%
???
57.4%
% Correct
???
57.4%
???
53.2%
???
51.1%
???
48.9%
???
44.7%
???
44.7%
???
44.7%
???
44.7%
???
42.6%
???
40.4%
???
40.4%
???
38.3%

You're not logged in!

Compare scores with friends on all Sporcle quizzes.
OR
Log In

You Might Also Like...

Show Comments

Extras

Created May 3, 2014ReportNominate
Tags:Clickable Quiz, jai

Top Quizzes Today


Score Distribution

Your Account Isn't Verified!

In order to create a playlist on Sporcle, you need to verify the email address you used during registration. Go to your Sporcle Settings to finish the process.

Report this User

Report this user for behavior that violates our Community Guidelines.

Details: